[Event "Keres Memorial op"]
[Site "Tallinn"]
[Date "2001.07.30"]
[Round "8"]
[White "Tsiganova, Monika"]
[Black "Lybin, Dmitry Vitalievich"]
[Result "1/2-1/2"]
[WhiteElo "2266"]
[BlackElo "2434"]
[PlyCount "90"]
[EventDate "2001.07.25"]
[EventType "swiss"]
[EventRounds "9"]
[EventCountry "EST"]
[SourceTitle "CBM 083 Extra"]
[Source "ChessBase"]
[SourceDate "2001.09.11"]
[SourceVersion "1"]
[SourceVersionDate "2001.09.11"]
[SourceQuality "1"]

1. c4 Nf6 2. Nc3 g6 3. g3 Bg7 4. Bg2 0-0 5. d3 d6 6. e4 c5 7. Nge2 Nc6 8. 0-0 Ne8 9. Be3 Nd4 10. Rb1 a5 11. h3 Nc7 12. f4 Rb8 13. Kh1 b5 14. Qd2 f5 15. Nd1 Nxe2 16. Qxe2 bxc4 17. dxc4 fxe4 18. Nf2 Ne6 19. Nxe4 Bb7 20. b3 Qc8 21. Rbd1 a4 22. bxa4 Bc6 23. Rd3 Rb4 24. Kh2 Qa8 25. Bd2 Rb2 26. Nxd6 Nd4 27. Bxc6 Nxe2 28. Bxa8 Rxa8 29. Ne4 Nd4 30. Nxc5 Rc8 31. Nb3 Rxc4 32. Kh1 Rxa2 33. Nxd4 Rxd4 34. Rxd4 Bxd4 35. Bb4 Rxa4 36. Bxe7 Kf7 37. Bh4 Ke6 38. Kg2 Ra2+ 39. Kf3 h5 40. Rc1 Kd5 41. g4 Ra3+ 42. Kg2 Ra2+ 43. Kf3 Ra3+ 44. Kg2 Ra2+ 45. Kf3 Ra3+ 1/2-1/2

[Event "Keres Memorial op"]
[Site "Tallinn"]
[Date "2001.07.28"]
[Round "5"]
[White "Lybin, Dmitry Vitalievich"]
[Black "Bjarnason, Saevar"]
[Result "1-0"]
[WhiteElo "2434"]
[BlackElo "2281"]
[PlyCount "121"]
[EventDate "2001.07.25"]
[EventType "swiss"]
[EventRounds "9"]
[EventCountry "EST"]
[SourceTitle "CBM 083 Extra"]
[Source "ChessBase"]
[SourceDate "2001.09.11"]
[SourceVersion "1"]
[SourceVersionDate "2001.09.11"]
[SourceQuality "1"]

1. d4 Nf6 2. c4 e6 3. Nc3 Bb4 4. e3 0-0 5. Nge2 d5 6. a3 Be7 7. cxd5 exd5 8. g3 c6 9. Bg2 Bf5 10. 0-0 Nbd7 11. f3 Nb6 12. e4 dxe4 13. fxe4 Bg6 14. Nf4 Re8 15. e5 Nfd5 16. Ncxd5 cxd5 17. Nxg6 hxg6 18. Qd3 Qd7 19. b3 Rad8 20. Bd2 Na8 21. a4 Nc7 22. Rf2 Ne6 23. Raf1 Rf8 24. h4 Rc8 25. Kh2 a6 26. Bh3 Rc6 27. Bg4 Qc7 28. h5 gxh5 29. Bxh5 Nd8 30. Kg2 Qd7 31. Rh1 g6 32. Bd1 f5 33. Qe3 Kf7 34. Rh7+ Ke8 35. g4 Qe6 36. Qh6 fxg4 37. Rh8 Nf7 38. Rxf8+ Bxf8 39. Qh4 Qe7 40. Qxg4 Nh6 41. Bxh6 Bxh6 42. Bf3 Qf7 43. Re2 Bf4 44. e6 Qf6 45. Bxd5 Rc3 46. Rf2 g5 47. Qh5+ Kd8 48. Qh7 Qe7 49. Qg8+ Kc7 50. Qa8 Rg3+ 51. Kf1 Kb6 52. b4 Re3 53. Bxb7 Qxb4 54. Qxa6+ Kc7 55. Qc6+ Kb8 56. Qc8+ Ka7 57. Qa8+ Kb6 58. Bf3 Qc4+ 59. Kg2 Rxe6 60. Rb2+ Kc7 61. Rb7+ 1-0